000 00873nam a2200265 a 4500
001
003 OSt
005 20220711132054.0
008 110127s1986 dr a 000 0 spa d
040 _aDO-SdBNP
_bspa
_cDO-SdBNP
049 _a
082 _a330.7293
_bA171i
245 0 0 _aAcción inmediata :
_b los problemas nacionales y sus posibles soluciones /
_cEditores Juan Antonio Elmudesi Zouain, Víctor A. Mármol
260 _aSanto Domingo :
_bPayano,
_c1986
300 _a247 p. :
_c23 cm.
490 _a
_v
590 _aInventariado, 2020/VM
651 7 _a República Dominicana
_xCondiciones económicas
_9281
651 7 _aRepública Dominicana
_xPolítica económica
_9643
700 1 _a Elmudesi Zouaín, Juan Antonio
_950025
_eed.
700 1 _aMarmol, Víctor A.
_eed.
_976733
830 0 _a
_n
_950026
942 _2ddc
_cLF1
956 _aVMateo
999 _c48809
_d48809